Pokémon 8e Génération - Les deux premières lettres - Statistiques

Statistiques générales
  • Ce quiz a été pris 170 fois
  • Le résultat moyen est 71 sur 89
Statistiques - réponses
Pokémon % Correct
811 Badabouin
96%
887 Lanssorien
96%
814 Lapyro
96%
816 Larméleon
96%
824 Larvadar
96%
825 Coléodôme
92%
864 Corayôme
92%
823 Corvaillus
92%
812 Gorythmic
92%
827 Goupilou
92%
839 Monthracite
91%
877 Morpeko
91%
832 Moumouflon
91%
831 Moumouton
91%
810 Ouistempo
91%
888 Zacian
91%
889 Zamazenta
91%
893 Zarude
91%
821 Minisange
90%
855 Polthégeist
90%
841 Pomdrapi
90%
852 Poulpaf
90%
815 Pyrobut
90%
830 Blancoton
88%
822 Bleuseille
88%
896 Blizzeval
88%
820 Rongrigou
88%
819 Rongourmand
87%
828 Roublenard
87%
857 Chapotus
86%
837 Charbi
86%
878 Charibari
86%
869 Charmilly
86%
818 Lézargus
86%
879 Pachyradjah
86%
865 Palarticho
86%
849 Salarsen
86%
834 Torgamord
86%
829 Tournicoton
86%
848 Toxizap
86%
861 Angoliath
85%
875 Bekaglaçon
85%
873 Beldeneige
85%
863 Berserkatt
85%
858 Sorcilence
85%
890 Éthernatos
83%
856 Bibichut
81%
885 Fantyrm
81%
813 Flambino
81%
850 Grillepattes
81%
589 Grimalin
81%
838 Wagomine
81%
871 Wattapik
81%
817 Arrozard
78%
860 Fourbelin
78%
895 Regidrago
78%
894 Regieleki
78%
840 Verpom
78%
886 Dispareptil
77%
842 Dratatin
77%
833 Khélécrok
77%
897 Spectreval
77%
826 Astronelle
76%
868 Crémy
76%
851 Scolocendre
74%
853 Krakos
73%
854 Théffroi
73%
891 Wushours
73%
844 Dunaconda
72%
843 Dunaja
72%
884 Duralugon
72%
898 Sylveroy
72%
874 Dolman
71%
892 Shifours
71%
872 Frissonille
67%
835 Voltoutou
63%
881 Galvagla
62%
880 Galvagon
62%
867 Tutétékri
62%
836 Fulgudog
59%
883 Hydragla
56%
882 Hydragon
56%
870 Hexadron
54%
862 Ixon
54%
845 Nigocier
54%
847 Hastacuda
49%
866 M. Glaquette
47%
846 Embrochet
45%
876 Wimessir
45%
Aucun quiz correspondant
Distribution des résultats
% des personnes avec chaque résultat
Percentile par nombre de réponses
Votre historique - résultats
Vous n’avez pas pris ce quiz